Países mais Violentos do Mundo - Statistics

Estatísticas Gerais
  • Esse quiz foi jogado 143 vezes
  • A pontuação média é 8 de 15
Estatísticas das Respostas
País % Correto
Brasil
97%
México
79%
Colômbia
78%
Venezuela
76%
El Salvador
71%
Guatemala
62%
Honduras
62%
Panamá
56%
África do Sul
52%
Equador
52%
Jamaica
48%
Sudão do Sul
31%
Trinidad e Tobago
20%
Namíbia
16%
São Cristóvão e Nevis
14%
Nenhum quiz correspondente encontrado
Distribuição das Pontuações
Porcentagem de Pessoas com Cada Pontuação
Percentil de Números Respondidos
Sua Pontuação Histórica
Você não jogou esse quiz